000 00454nam a2200181Ia 4500
008 180207s9999 xx 000 0 und d
020 _a9780545766937
050 _bN971 2012
100 _aNumeroff, Laura
245 _aIt's pumpkin day, mouse! /
245 _cby Laura Numeroff and Felicia Bond.
260 _aNew York :
260 _bScholastic,
260 _c2012
300 _aunpaged :
300 _bcolor illustration ;
300 _c20cm.
999 _c355506
_d355506